লোডিং...

Management operations research

গ্রন্থ-পঞ্জীর বিবরন
প্রধান লেখক: Satyanarayana,M
অন্যান্য লেখক: Raman,Lalitha
বিন্যাস: Printed Book
ভাষা:English
প্রকাশিত: Bombay Himalaya 1980
সংস্করন:2
বিষয়গুলি:
LEADER 00552nam a22001817a 4500
005 20160820112507.0
008 091005t xxu||||| |||| 00| 0 eng d
082 |a 519.8:65  |b SAT 
100 |a Satyanarayana,M  |9 3402 
245 |a Management operations research 
250 |a 2 
300 |a 463p. 
653 |a operation research 
700 |a Raman,Lalitha  |9 3401 
942 |c BK  |6 _ 
260 |a Bombay  |b Himalaya  |c 1980 
999 |c 171120  |d 171120 
952 |0 0  |1 0  |2 ddc  |4 0  |6 519865_SAT  |7 0  |9 222306  |a DAE  |b DAE  |d 2009-10-05  |o 519.8:65 SAT  |p ECO03246  |r 2016-08-20  |w 2016-08-20  |y BK